Algodão : (Record no. 1244)

MARC details
000 -LÍDER
Campo Fixo de Controle 00776nam a2200241 a 4500
001 - NÚMERO DE CONTROLE
Campo de Controle 1244
003 - IDENTIFICAÇÃO DO NÚMERO DE CONTROLE
Campo de Controle BR-CuiBMT
005 - DATA E HORA DA ÚLTIMA ATUALIZAÇÃO
Campo de Controle 20231201222134.0
008 - DADOS FIXOS
Dados Fixos 231114s2016 mtba 000 0 por d
020 ## - INTERNATIONAL STANDARD BOOK NUMBER
Nº do ISBN 9788579920981
040 ## - AGÊNCIA CATALOGADORA
Código da Agência Catalogadora BR-CuiBMT
Agência que transcreveu o registro BR-CuiBMT
080 ## - Nº DA CLASSIFICAÇÃO DECIMAL UNIVERSAL
Nº Class. CDU 633.511
Subd. Auxiliar Comum (817.2)
Nº edição CDU 2007
090 ## - NÚMERO DE CHAMADA
Nº classificação 633.511(817.2)
Cutter B222a
100 1# - ENTRADA PRINCIPAL -- AUTOR PESSOAL
Nome pessoal Baptista, Martha,
Datas associadas ao nome 1956-
245 10 - TÍTULO PRINCIPAL
Título principal Algodão :
Subtítulo os pioneiros que transformaram Mato Grosso em um grande produtor /
Indicação de responsabilidade Martha Baptista
260 ## - PUBLICAÇÃO, DISTRIBUIÇÃO, ETC.
Local de publicação Cuiabá :
Editora Entrelinhas,
Data 2016.
300 ## - DESCRIÇÃO FÍSICA
N. páginas ou volumes 183 p. ;
Ilustrações il. color. :
Dimensões 28 cm
504 ## - NOTA DE BIBLIOGRAFIA, ETC.
Nota de bibliografia Inclui bibliografia.
650 ## - ASSUNTO TÓPICO
Cabeçalho tópico ou nome geográfico Algodão
Subdivisão geral Aspectos econômicos
Subdivisão geográfica Mato Grosso
650 ## - ASSUNTO TÓPICO
Cabeçalho tópico ou nome geográfico Cotonicultura
Subdivisão geográfica Mato Grosso
650 ## - ASSUNTO TÓPICO
Cabeçalho tópico ou nome geográfico Algodão
Subdivisão geral Cultivo
Subdivisão geográfica Mato Grosso
942 ## - ELEMENTOS DE ENTRADA ADICIONAIS (KOHA)
Fonte de classificação ou esquema de arquivamento Classificação Decimal Universal
Tipo de item do Koha Livros
Holdings
Estado: removido Estado: perdido Fonte de classificação ou esquema de arquivamento Estado: danificado Indisponível para empréstimo Localização permanente Localização atual Data de aquisição Total Checkouts Número de Chamada completo Código de barras Date last seen Número do exemplar Preço efetivo a partir de Tipo de item (Koha)
    Classificação Decimal Universal     Biblioteca da Escola Superior de Contas do TCE/MT Biblioteca da Escola Superior de Contas do TCE/MT 01/12/2023   633.511(817.2) B222a BIBTCEMT23120046 01/12/2023 Ex. 1 01/12/2023 Livros
    Classificação Decimal Universal     Biblioteca da Escola Superior de Contas do TCE/MT Biblioteca da Escola Superior de Contas do TCE/MT 26/03/2024   633.511(817.2) B222a BIBTCEMT24030027 26/03/2024 Ex. 2 26/03/2024 Livros

Powered by Koha